Tvorba technologického postupu = Generating of technological process : Bakalárska práca

Uložené v:
Podrobná bibliografia
Hlavný autor: Šoucová, Ľubomíra, 1974- (Autor)
Ďalší autori: Buranský, Ivan, 1982- (xxx)
Médium: Rukopis Kniha
Jazyk:Slovak
Vydavateľské údaje: Trnava : STU v Bratislave MTF UVTE KOM, 2008
Predmet:
Tagy: Pridať tag
Žiadne tagy, Buďte prvý, kto otaguje tento záznam!

MARC

LEADER 00000ntm a22000003a 4500
001 stu171451
005 20160719155905.2
008 081006s2008----xo------------------slo-d
040 |a STU  |b slo 
041 0 |a slo 
044 |a xo 
100 1 |a Šoucová, Ľubomíra,  |d 1974-  |4 aut  |X 31701  |7 A000031701 
245 1 |a Tvorba technologického postupu = Generating of technological process :  |b Bakalárska práca 
260 |a Trnava :  |b STU v Bratislave MTF UVTE KOM,  |c 2008 
300 |a 51 s  |c príl (1 CD-ROM) 
500 |a Odbor: technológie strojárskej výroby 
650 7 |a technologické postupy  |2 stusub 
650 7 |a CA technológie  |2 stusub 
650 7 |a CAPP  |2 stusub 
700 1 |a Buranský, Ivan,  |d 1982-  |4 xxx  |u M3000  |U MTF Materiálovotechnologická fakulta  |T MTF Ústav výrobných technológií  |X 4587  |U M3000  |Y 83  |7 A000004587 
996 |b 284M068695  |c M*BP-3343  |l MMSKP  |s P  |a 0  |w stu171451_0001